000 00720nam a2200241 i 4500
001 C2-0328972
003 PPAK
005 20180728130136.0
008 141109s2010 my |||| ||||| | may d
020 _a9789834486525
040 _aPPAK
_beng
_cPPAK
_erda
082 0 4 _a354.595
_223
090 0 0 _a354.595
_bABD
_dKK
100 0 _aAbdul Rahman Abdul Aziz,
_eauthor
245 1 0 _aPentadbiran awam :
_btransisi dan pembentukan
264 1 _aSintok, Kedah :
_bInstitut Pemikiran Tun Dr. Mahathir Mohamad ,
_c2010
300 _a121 pages ;
_c23 cm.
336 _2rdacontent
_atext
337 _2rdamedia
_aunmediated
338 _2rdacarrier
_avolume
650 1 0 _aPublic administration - Malaysia.
942 _ddc
_cB
999 _c128238
_d128238